00624nam a2200193Ia 4500003000900000008004100009040001300050040001300063041000900076100002100085245004600106250001200152260001300164260000900177300001000186490000600196600020900202700001900411IT-RoPAU120407s9999 xx 000 0 und d aIT-RoPAU cIT-RoPAU alat  aHadrianus Simon  aPraelectiones biblicae ad usum scholarum. aTorino  aMarietti c1940 c21 cm v1 a"1. Propaedeutica biblica, Sive ingtroductio in universa Scipturam. 2. Vetus Testamentum. (1) 3. Vetus Testamentum (2) 4. Novum Testamentum (1) 5. Novum Testamentum (2) 6. Novum Testamentum. (3) " aJohannes Prado